| 000 | 01255cam a22003131i 4500 | ||
|---|---|---|---|
| 003 | SA-RiAUC | ||
| 005 | 20251002065539.0 | ||
| 008 | 250528s2006 su g 000 0 ara c | ||
| 020 | _a9960524620 | ||
| 040 |
_aSA-JeALM _bara _cSA-RiAUC _erda |
||
| 082 | 0 | 4 |
_a237.3 _qSA-RiAUC |
| 090 |
_a237.3 _b ب ي ر |
||
| 100 | 1 |
_aالبيرة، سليمان الصادق _eمؤلف. |
|
| 245 | 1 | 2 |
_aالاستغفار وثمراته في القرآن والسنة / _cسليمان الصادق البيرة. |
| 250 | _aالطبعة الأولى. | ||
| 264 | 1 |
_aمكة المكرمة : _bدار طيبة الخضراء، _c2006 |
|
| 300 |
_a240 صفحة ؛ _c24 سم. |
||
| 336 |
_aنص _btxt _2rdacontent _3كتاب |
||
| 337 |
_aبدون وسيط _bn _2rdamedia |
||
| 338 |
_aمجلد _bnc _2rdacarrier |
||
| 500 | _aاهداء من المؤلف سليمان الصادق البيرة الى الشيخ رحمه الله بتاريخ 17 / 6 / 1428 هـ | ||
| 630 | 2 | 7 |
_aالقرآن _xفضائل _2aucut |
| 650 | 7 |
_aالاستغفار _2aucsh |
|
| 650 | 7 |
_aالأدعية والأوراد _2aucsh |
|
| 650 | 7 |
_aالحديث _xجوامع الفنون _2aucsh |
|
| 730 | 2 | 2 | _aالقرآن |
| 942 |
_2ddc _cBOOK _n0 |
||
| 949 |
_aSA-JeALM _d250528 _uosman123 _n1 |
||
| 999 |
_c8545 _d8545 |
||